Sociology : (Record no. 11004)

MARC details
000 -LEADER
fixed length control field 00668nam a22002172 4500
001 - CONTROL NUMBER
control field 0000009177
005 - DATE AND TIME OF LATEST TRANSACTION
control field 20151217154409.0
008 - FIXED-LENGTH DATA ELEMENTS--GENERAL INFORMATION
fixed length control field 080910s xx 000 0 eng d
020 ## - INTERNATIONAL STANDARD BOOK NUMBER
International Standard Book Number 0495006831 :
Terms of availability KES 400
040 ## - CATALOGING SOURCE
Original cataloging agency KABU
Transcribing agency KABU
100 1# - MAIN ENTRY--PERSONAL NAME
Personal name Andersen, Margaret L.
-- 0000160257
245 10 - TITLE STATEMENT
Title Sociology :
Remainder of title the essentials /
Statement of responsibility, etc. Margaret L. Andersen, Howard F. Taylor.
250 ## - EDITION STATEMENT
Edition statement 4th ed.
260 ## - PUBLICATION, DISTRIBUTION, ETC. (IMPRINT)
Place of publication, distribution, etc. Belmont, CA :
Name of publisher, distributor, etc. Thomson-Higher Education,
Date of publication, distribution, etc. 2007.
300 ## - PHYSICAL DESCRIPTION
Extent xxxi, 520 p.
650 #0 - SUBJECT ADDED ENTRY--TOPICAL TERM
Topical term or geographic name as entry element Sociology.
-- 0000099021
700 1# - ADDED ENTRY--PERSONAL NAME
Personal name Taylor, Howard F.
-- 0000160258
908 ## - PUT COMMAND PARAMETER (RLIN)
Put command parameter 080910
950 ## - LOCAL HOLDINGS (RLIN)
-- 1
Holdings
Withdrawn status Lost status Source of classification or shelving scheme Not for loan Home library Current library Date acquired Total Checkouts Full call number Barcode Date last seen Date last checked out Price effective from Koha item type
    Library of Congress Classification   Kabarak, Main Campus Kabarak, Main Campus 17/12/2015 17 HM585 ..A53 2007 c. 1 009055 08/03/2023 23/02/2023 17/12/2015 General Collection
Designed with assistance from East African Informatics Ltd